| 000 | 00948nas a2200289 4500 | ||
|---|---|---|---|
| 001 | BR9904377 | ||
| 003 | BR-BrBNA | ||
| 005 | 20231205101544.0 | ||
| 007 | ta | ||
| 008 | 230509b bl.|||p| |||| 00| 00por d | ||
| 040 |
_aBR-BrBNA _bpor _cBiblioteca Nacional de Agricultura |
||
| 041 | _a(Pt) | ||
| 072 | _aJ11 | ||
| 100 | 1 | _aSilva, A.A.L. da | |
| 100 | 1 | _aFaroni, L.R.D.A. | |
| 100 | 1 | _aMartins, J.H.M. | |
| 100 | 1 | _aCecon, P.R. | |
| 245 | 1 | _aInfluencia do processo de colheita na infestacao do milho (Zea mays L.)pelo besouro da farinha (Tribolium castaneum Herbst)durante o armazenamento | |
| 650 | _aMilho | ||
| 650 | _aColheita | ||
| 650 | _aArmazenamento de Alimento | ||
| 650 | _aUmidade | ||
| 650 | _aInfestacao | ||
| 773 | 0 |
_tRevista Brasileira de Engenharia Agricola e Ambiental (Brazil) _xISSN 1415-4366 _g(Sep-Dec 1998), v. 2(3) p. 312-315 _wBR9904377 |
|
| 909 |
_a202311 _bLúcia _c55 _dLúcia Elande |
||
| 942 |
_2AGRIS _n0 _cANA |
||
| 999 |
_c162506 _d162506 |
||